|
|
|
|
| LEADER |
00593 a2200169 4500 |
| 008 |
150103s9999 000 0 eng |
| 020 |
|
|
|a 0413466507
|
| 082 |
|
|
|a 832.91209
|
| 100 |
|
|
|a Esslin, Martin-1918.
|
| 245 |
|
|
|a Brecht:
|b a choice of evils /
|
| 260 |
|
|
|a London:
|b Eyre Methuen,
|c c1980.
|
| 300 |
|
|
|a 315 p.
|
| 650 |
|
|
|a Brecht, Bertolt.
|
| 653 |
|
|
|a Authors,German-20th century-Biography
|
| 942 |
|
|
|c BK
|
| 999 |
|
|
|c 301823
|d 301823
|
| 952 |
|
|
|0 0
|1 0
|2 ddc
|4 0
|6 832_912090000000000_ESS_BR
|7 0
|9 345170
|a DRA
|b DRA
|c ST1
|d 2010-09-16
|i 1298
|l 2
|o 832.91209 ESS/BR
|p DRA1298
|r 2017-02-06
|s 2016-12-24
|w 2010-09-16
|y BK
|